LEADER 00934nam2-22003131i-450- 001 990000179540403321 035 $a000017954 035 $aFED01000017954 035 $a(Aleph)000017954FED01 035 $a000017954 100 $a20011111d--------km-y0itay50------ba 101 0 $aita 105 $ay-------001yy 200 1 $a1. Heft. : 12 tav. : ill. 210 $aMunchen$cVerlag der lithographischen kunstanstalt v. Gebr. Obpacher$d1873- 215 $av.$d49 cm 461 0$1001000013409$12001$aVorlegeblatter fur den unterricht im linearzeichnen an technischen lehranstalten 610 0 $aDisegno tecnico 676 $a604.2 700 1$aFischer,$bErnst$06252 702 1$aFischer,$bErnst 801 0$aIT$bUNINA$gRICA$2UNIMARC 901 $aBK 912 $a990000179540403321 952 $a13 AR 30 D 09$b9699$fFINBC 959 $aFINBC 996 $a1. Heft. : 12 tav. : ill$9121362 997 $aUNINA DB $aING01 LEADER 01084nam0-22003491i-450 001 990002615100403321 005 20220113102823.0 035 $a000261510 035 $aFED01000261510 035 $a(Aleph)000261510FED01 035 $a000261510 100 $a20030910d1984----km-y0itay50------ba 101 0 $aita 105 $a4. ed. 200 1 $aIntroduzione alla programmazione strutturata$eil caso del Fortran, Cobol e Assembler$fGaetano A. Lanzarone, Marco Maiocchi, Roberto Polillo 210 $aMilano$cFrancoAngeli$d1984 215 $a221 p.$cill.$d21 cm 225 1 $aQuaderni di informatica$v4 610 0 $aProgrammazione strutturata 676 $a005.1 700 1$aLanzarone,$bGaetano A.$026719 701 1$aPolillo,$bRoberto$048494 701 1$aMaiocchi,$bMarco$09970 801 0$aIT$bUNINA$gRICA$2UNIMARC 901 $aBK 912 $a990002615100403321 952 $a8-0-14-TI$bn.i.$fECA 952 $a10 PT 650$bDONOCHIANESE$fDINEL 959 $aDINEL 959 $aECA 996 $aIntroduzione alla programmazione strutturata$9331961 997 $aUNINA LEADER 01672nam 2200505 450 001 9910807951603321 005 20200520144314.0 010 $a1-119-22176-5 010 $a1-119-22172-2 010 $a1-119-22177-3 035 $a(CKB)4330000000009381 035 $a(DLC) 2016059812 035 $a(Au-PeEL)EBL4822523 035 $a(CaPaEBR)ebr11361067 035 $a(CaONFJC)MIL1000709 035 $a(MiAaPQ)EBC4822523 035 $a(OCoLC)967457471 035 $a(EXLCZ)994330000000009381 100 $a20170327h20172017 uy 0 101 0 $aeng 135 $aurcnu|||||||| 181 $2rdacontent 182 $2rdamedia 183 $2rdacarrier 200 10$aClassical and modern approaches in the theory of mechanisms /$fProfessor Nicolae Pandrea, University of Pitesti, Arges, Romania, Prof Dinel Popa, University of Pitesti, Arges, Romania, Nicolae-Doru Stanescu, University of Pitesti, Arges, Romania 210 1$aHoboken, New Jersey ;$aChichester, West Sussex, England :$cWiley,$d2017. 210 4$dİ2017 215 $a1 online resource (442 pages) 311 $a1-119-22161-7 320 $aIncludes bibliographical references and index. 606 $aMechanical movements 606 $aMachine parts 615 0$aMechanical movements. 615 0$aMachine parts. 676 $a621.8/11 700 $aPandrea$b Nicolae$01663289 702 $aPopa$b Dinel$f1958- 702 $aSta?nescu$b Nicolae-Doru 801 0$bMiAaPQ 801 1$bMiAaPQ 801 2$bMiAaPQ 906 $aBOOK 912 $a9910807951603321 996 $aClassical and modern approaches in the theory of mechanisms$94020493 997 $aUNINA